000
00331nam a2200157Ia 4500
100
_a
Khurmi/R.S/ Gupta/J.K
650
_a
Workshop
942
_c
BK
366
_f
12.5
245
_a
Text book of Workshop technology
260
_b
S.Chand & Co.
082
_a
658.5/KHU
_b
KHU
300
_a
551
546
_a
ENGLISH
999
_c
23009
_d
23009